00580nam a2200181 a 450000100040000000500170000400800410002102000270006203500080008908200190009710000250011624501010014126000360024230000360027850400410031465000270035565000160038237220221127085925.0050920s lxxua | 00100|eng d a0070267707 :cSR132.00 a38504a658bH238 19951 aHarrington, H. James10aTotal improvement management :bthe next generation in performance improvement /cH. Harrington. aNew York :bMcGraw-Hill,c1995. axviii, 488 p. :bill. ;c25 cm. aIncludes bibl. references and index. 4aIndustrial management. 4aManagement.